Famous Ballets - Statistics

General Stats
  • This quiz has been taken 622 times
    361 since last reset
  • The average score is 8 of 14
Answer Stats
Premiere Composer Choreographer Hint Ballet % Correct
1892 Tchaikovsky Marius Petipa / Lev Ivanov Associated with the Christmas season The Nutcracker
96%
1877 Tchaikovsky Julius Reisinger About Princess Odette and an evil sorcerer's curse Swan Lake
95%
1938 Sergei Prokofiev Ivo Váňa-Psota Based on Shakespeare play Romeo and Juliet
84%
1890 Tchaikovsky Marius Petipa Based on Perrault fairy tale The Sleeping Beauty
72%
1869 Ludwig Minkus Marius Petipa Based on famous 1605 Spanish novel Don Quixote
69%
1841 Adolphe Adam Coralli / Perrot Beautiful title character falls for the deceitful nobleman Albrecht Giselle
66%
1945 Sergei Prokofiev Rostislav Zakharov Based on fairy tale Cinderella
60%
1870 Léo Delibes Arthur Saint-Léon Subtitled "The Girl with the Enamel Eyes" Coppelia
43%
1877 Ludwig Minkus Marius Petipa Title means "The Temple Dancer" La {Bayadère}
43%
1962 Felix Mendelssohn George Balanchine Based on Shakespeare play A Midsummer's Night Dream
39%
1910 Stravinsky Michel Fokine Title creature is both blessing and curse. The Firebird
34%
1836 Løvenskiold August Bournonville First ballet where dancing en pointe had an aesthetic rationale La {Sylphide}
32%
1913 Stravinsky Vaslav Nijinsky Known for causing a riot upon its debut The Rite of Spring
28%
1911 Stravinsky Michel Fokine The story of the loves and jealousies of three puppets Petrushka
14%
No matching quizzes found
Score Distribution
Percent of People with Each Score
Percentile by Number Answered
Your Score History
You have not taken this quiz since the last reset